Российский ордена Трудового Красного Знамени, ордена Дружбы народов Научно-исследовательский институт гематологии и трансфузиологии (Запись № 10930394)

Подробности
000 -МАРКЕР
контрольное поле 01862nam0a2200301 4500
001 - ИДЕНТИФИКАТОР ЗАПИСИ
контрольное поле RU\NLR\BIBL_A\011292567
005 - ИДЕНТИФИКАТОР ВЕРСИИ
контрольное поле 20260406174256.0
035 ## - ДРУГИЕ СИСТЕМНЫЕ НОМЕРА
Идентификатор записи (NLR Aleph) 011292567
100 ## - ДАННЫЕ ОБЩЕЙ ОБРАБОТКИ
Данные общей обработки 20161214d2007 |||y0rusy50 ca
101 0# - ЯЗЫК РЕСУРСА
Язык текста, звукозаписи и т.д. русский
-- английский
102 ## - СТРАНА ПУБЛИКАЦИИ ИЛИ ПРОИЗВОДСТВА
Страна публикации Российская Федерация
105 ## - ПОЛЕ КОДИРОВАННЫХ ДАННЫХ: ТЕКСТОВЫЕ МАТЕРИАЛЫ, МОНОГРАФИЧЕСКИЕ
Кодированные данные о монографическом текстовом документе ac||g|||010zy
200 1# - ЗАГЛАВИЕ И СВЕДЕНИЯ ОБ ОТВЕТСТВЕННОСТИ
Основное заглавие Российский ордена Трудового Красного Знамени, ордена Дружбы народов Научно-исследовательский институт гематологии и трансфузиологии
Параллельное заглавие Russian research institute of hematology and transfusiology awarded with Orders of Red Banner of Labor and Friendship of People
Сведения, относящиеся к заглавию 75 [лет
-- справка
Первые сведения об ответственности сост.: Н.И. Кочетыгов и др.
Последующие сведения об ответственности ред.: Е.А. Селиванов]
Язык параллельного заглавия английский
210 ## - ПУБЛИКАЦИЯ, РАСПРОСТРАНЕНИЕ И ДР.
Место издания, распространения и т.д. Санкт-Петербург
Имя издателя, распространителя и т. д. [б. и.]
Дата издания, распространения и т.д. 2007
215 ## - ФИЗИЧЕСКАЯ ХАРАКТЕРИСТИКА
Специфическое обозначение материала и объем [1],44, [1] с.
Другие сведения о физической характеристике ил., цв. ил., портр.
Размеры 30
300 ## - ОБЩИЕ ПРИМЕЧАНИЯ
Текст примечания Текст на рус. и англ. яз.
510 1# - ПАРАЛЛЕЛЬНОЕ ЗАГЛАВИЕ
Параллельное заглавие Russian research institute of hematology and transfusiology awarded with Orders of Red Banner of Labor and Friendship of People
Язык заглавия английский
601 02 - НАИМЕНОВАНИЕ ОРГАНИЗАЦИИ КАК ПРЕДМЕТ
Начальный элемент ввода Российский НИИ гематологии и трансфузиологии
Идентифицирующий признак Санкт-Петербург, город
Тематический подзаголовок История
Системный номер авторитетной/нормативной записи 2309719
Идентификатор авторитетной/нормативной записи RU\NLR\AUTH\6601608172
686 1# - ИНДЕКСЫ ДРУГИХ КЛАССИФИКАЦИЙ
Индекс Р.е(2)л21
702 #1 - ИМЯ ЛИЦА - ВТОРИЧНАЯ ОТВЕТСТВЕННОСТЬ
Начальный элемент ввода Кочетыгов
Часть имени, кроме начального элемента ввода Н.И.
Расширение инициалов личного имени Николай Иванович
Код отношения Составитель
702 #1 - ИМЯ ЛИЦА - ВТОРИЧНАЯ ОТВЕТСТВЕННОСТЬ
Начальный элемент ввода Селиванов
Часть имени, кроме начального элемента ввода Е. А.
Расширение инициалов личного имени Евгений Алексеевич
Код отношения Редактор
712 02 - НАИМЕНОВАНИЕ ОРГАНИЗАЦИИ - ВТОРИЧНАЯ ОТВЕТСТВЕННОСТЬ
Код отношения Прочие
Начальный элемент ввода Российский НИИ гематологии и трансфузиологии
Идентифицирующий признак Санкт-Петербург
Идентификатор авторитетной/нормативной записи RU\NLR\AUTH\889942248
Системный номер авторитетной/нормативной записи 379353
942 ## - ДОПОЛНИТЕЛЬНЫЕ ЭЛЕМЕНТЫ ЗАПИСИ (АБИС)
Тип экземпляра АБИС Книга
980 ## - КОЛЛЕКЦИЯ
Название коллекции Национальная библиография
Экземпляры
Тип экземпляра Дата поступления Источник поступления Стоимость Библиотека постоянного хранения Библиотека текущего хранения Место хранения Шифр хранения Штрих-код Статус экземпляра
Книга 14.12.2016 Дар 150.00 РНБ (Московский) РНБ (Московский) Русский книжный фонд: издания с 1957 года 2016-8/4016 1-1480522  
Книга 14.12.2016 Дар 50.00 РНБ (Московский) РНБ (Московский) Русский книжный фонд: издания с 1957 года 2016-8/4016 1-1480523  
Книга 06.06.2017 Дар 150.00 РНБ (Садовая) РНБ (Садовая) Фонд международного книгообмена   1-1025657